000 00468cam a2200181ua 4500
001 826
008 110421n ii |||gr||||Z||||||eng
040 _cMAIN
082 _a342.02
245 1 _aWorld constitutions :
_bA comparative study /
_cby B.C. Rai
250 _a1st.
260 _aLucknow:
_bPrakashan kendra,988.
300 _axxi, 943p.:
_c45cm.
653 _aPolitical science
653 _aWorld constitutions
700 _aRai, B.C.,
_eAuthor.
942 _cBK
999 _c750
_d750